[Event "Let's Play Chess!"]
[Site "http://www.queenalice.com/game.php?id=1600288"]
[Date "2020.2.22"]
[Round "-"]
[White "waldi"]
[Black "amaisi"]
[Result "0-1"]
[WhiteElo "1876"]
[BlackElo "2188"]

1. d4 Nf6 2. Bg5 b6 3. Nc3 Bb7 4. e3 e6 5. Nf3 d6 6. Bd3 Be7 7. O-O h6 8. Bh4
O-O 9. e4 Nbd7 10. h3 c5 11. e5 Nd5 12. Bxe7 Qxe7 13. Nb5 dxe5 14. Nxe5 Nxe5 15.
dxe5 Nf4 16. f3 Qg5 17. g4 Nxh3+ 18. Kg2 Qxg4+ 19. Kh2 Qh5 20. Kg3 f5 21. f4
Qg6+ 0-1

[Event "Let's Play Chess!"]
[Site "http://www.queenalice.com/game.php?id=1600289"]
[Date "2020.2.22"]
[Round "-"]
[White "Meckerkopp"]
[Black "amaisi"]
[Result "0-1"]
[WhiteElo "2122"]
[BlackElo "2181"]

1. e4 d6 2. d4 Nf6 3. Nc3 g6 4. h3 c6 5. Nf3 Bg7 6. Bd3 Nbd7 7. O-O O-O 8. b3 e5
9. dxe5 Nxe5 10. Nxe5 dxe5 11. Bg5 h6 12. Bxf6 Bxf6 13. Ne2 Qe7 14. Qb1 Be6 15.
a3 h5 16. Bc4 Bxc4 17. bxc4 Rfd8 18. Nc3 Rd4 19. Qb3 b6 20. Rfe1 Qc5 21. Na4
Qxc4 22. Nxb6 Qxb3 23. cxb3 axb6 24. a4 Bh4 25. Ra2 Rd3 26. g3 Be7 27. Rb2 Bb4
28. Ree2 Bc3 29. Rb1 Rad8 30. Kg2 Rd2 0-1

[Event "Challenge"]
[Site "http://www.queenalice.com/game.php?id=1602245"]
[Date "2020.3.11"]
[Round "-"]
[White "Mulder"]
[Black "amaisi"]
[Result "1-0"]
[WhiteElo "2783"]
[BlackElo "2179"]

1. d4 Nf6 2. c4 g6 3. Nc3 Bg7 4. e4 d6 5. f3 a6 6. Be3 O-O 7. Qd2 c6 8. Bd3 b5
9. Nge2 Bb7 10. O-O Nbd7 11. b3 e5 12. d5 cxd5 13. cxd5 Nh5 14. b4 Rc8 15. a4
bxa4 16. Nxa4 f5 17. Nb2 fxe4 18. fxe4 Nb6 19. Rxf8+ Bxf8 20. h3 Ra8 21. Nc1 Nd7
22. Nb3 Bc8 23. Rf1 Ndf6 24. Qf2 Rb8 25. Na5 Bd7 26. Nc6 Bxc6 27. dxc6 Qc7 28.
Qc2 Rxb4 29. Bc4+ Kg7 30. Nd3 Rb6 31. Bxb6 Qxb6+ 32. Kh2 Qxc6 33. g4 Nf4 34. g5
Qxe4 35. gxf6+ 1-0

[Event "Let's Play Chess!"]
[Site "http://www.queenalice.com/game.php?id=1606226"]
[Date "2020.4.6"]
[Round "-"]
[White "amaisi"]
[Black "sph44"]
[Result "1-0"]
[WhiteElo "2197"]
[BlackElo "1862"]

1. d4 d5 2. Nf3 Nf6 3. c4 dxc4 4. Qa4+ c6 5. Qxc4 b5 6. Qc2 e6 7. e4 Bb4+ 8. Bd2
Bxd2+ 9. Nbxd2 O-O 10. Bd3 Bb7 11. e5 Nd5 12. Bxh7+ Kh8 13. Be4 f5 14. exf6 Qxf6
15. h4 Kg8 16. h5 Nf4 17. g3 Nd5 18. g4 Nb4 19. Bh7+ Kh8 20. Qe4 Nd7 21. g5 Qf4
22. h6 Qxe4+ 23. Bxe4 Rf7 24. hxg7+ Kxg7 25. Rh7+ Kg8 26. g6 Rg7 27. Ke2 Nf6 28.
Rh6 Nxe4 29. Nxe4 Nd5 30. Nc5 Bc8 31. Ng5 Nf4+ 32. Kf3 Nxg6 33. Ncxe6 Bxe6 34.
Nxe6 Rf7+ 35. Kg3 Ne7 36. Kh3 Rxf2 37. Rg1+ Kf7 38. Rg7+ 1-0

[Event "Let's Play Chess!"]
[Site "http://www.queenalice.com/game.php?id=1606227"]
[Date "2020.4.6"]
[Round "-"]
[White "sph44"]
[Black "amaisi"]
[Result "0-1"]
[WhiteElo "1822"]
[BlackElo "2199"]

1. e4 d6 2. d4 Nf6 3. Nc3 g6 4. Bf4 c6 5. e5 dxe5 6. Bxe5 Nbd7 7. Bd3 Nxe5 8.
dxe5 Ng4 9. Nf3 Bg7 10. Qe2 Qc7 11. O-O Nxe5 12. Nxe5 Qxe5 13. Rfe1 Qxe2 14.
Rxe2 Bg4 15. f3 Be6 16. Na4 b5 17. Nc5 Bd4+ 18. Kf1 Bxc5 19. Rae1 O-O-O 20. Be4
Kc7 21. b3 f5 22. Bxc6 Bxb3 23. axb3 Kxc6 24. Re6+ Rd6 25. Rxe7 Rd2 26. R7e6+
Kd7 27. R6e5 Rf2+ 28. Kg1 Re2+ 29. Kf1 Rxe5 30. Rxe5 Kd6 31. Re2 a5 32. Rd2+ Kc6
33. Ke1 Bb4 34. Kd1 Bxd2 35. Kxd2 Rd8+ 36. Kc1 Rd4 37. c3 Rd3 38. Kc2 Re3 39.
Kd2 f4 40. h3 a4 41. bxa4 bxa4 42. Kc1 Rxc3+ 43. Kb2 Re3 44. h4 Re2+ 45. Ka3 Kb5
0-1

[Event "Let's Play Chess!"]
[Site "http://www.queenalice.com/game.php?id=1607697"]
[Date "2020.4.20"]
[Round "-"]
[White "amaisi"]
[Black "Joepac"]
[Result "0-1"]
[WhiteElo "2195"]
[BlackElo "2212"]

1. d4 Nf6 2. Nf3 g6 3. b3 Bg7 4. Bb2 O-O 5. g3 d5 6. Bg2 c5 7. dxc5 Qa5+ 8. Nbd2
Qxc5 9. O-O Nc6 10. c4 d4 11. a3 Qh5 12. h4 e5 13. Ng5 h6 14. Nge4 Ng4 15. Nd6
g5 16. Nf3 gxh4 17. Nxh4 Bf6 18. Qd3 Bxh4 19. gxh4 Qxh4 20. Qh3 Qxh3 21. Bxh3 f5
22. Kh1 Kh7 23. b4 Be6 24. Rad1 b6 0-1

[Event "Let's Play Chess!"]
[Site "http://www.queenalice.com/game.php?id=1611199"]
[Date "2020.5.8"]
[Round "-"]
[White "amaisi"]
[Black "josebaron"]
[Result "0-1"]
[WhiteElo "2184"]
[BlackElo "2444"]

1. d4 d5 2. Nf3 Nf6 3. c4 dxc4 4. Qa4+ c6 5. Qxc4 e6 6. g3 Be7 7. Bg2 O-O 8. O-O
b5 9. Qd3 Nbd7 10. Rd1 Bb7 11. Nbd2 Qb6 12. b3 a5 13. Bb2 a4 14. Rac1 Rfd8 15.
e4 h6 16. e5 Nd5 17. Qb1 axb3 18. axb3 Nb4 19. Ne4 c5 20. Ne1 Nc6 21. dxc5 Nxc5
22. Nxc5 Bxc5 23. Nd3 Bd4 24. b4 Bxb2 25. Qxb2 Nd4 26. Bxb7 Qxb7 27. Nc5 Qd5 28.
Rb1 Ra2 29. Qxd4 Qxd4 30. Rxd4 Rxd4 31. Kg2 Re2 0-1

[Event "Let's Play Chess!"]
[Site "http://www.queenalice.com/game.php?id=1614117"]
[Date "2020.5.29"]
[Round "-"]
[White "amaisi"]
[Black "ArmandoFerreira"]
[Result "0-1"]
[WhiteElo "2180"]
[BlackElo "2839"]

1. d4 Nf6 2. Nf3 c5 3. c4 cxd4 4. Nxd4 e6 5. g3 d5 6. Bg2 e5 7. Nf3 d4 8. O-O
Nc6 9. a3 Bg4 10. Qb3 Qc7 11. e3 O-O-O 12. Nbd2 Bc5 13. e4 d3 14. Qa2 Nd4 15. b4
Ne2+ 16. Kh1 Bd4 17. Nxd4 Rxd4 18. Bb2 h5 19. Bxd4 exd4 20. f3 h4 21. fxg4 Nxg4
0-1

[Event "Let's Play Chess!"]
[Site "http://www.queenalice.com/game.php?id=1618707"]
[Date "2020.6.30"]
[Round "-"]
[White "amaisi"]
[Black "fontaine"]
[Result "0-1"]
[WhiteElo "2191"]
[BlackElo "2695"]

1. d4 d5 2. c4 e6 3. g3 dxc4 4. Bg2 Nf6 5. Nf3 a6 6. O-O Nc6 7. Nbd2 b5 8. Ne5
Nxe5 9. Bxa8 Qxd4 10. Ne4 Qa7 11. Nxf6+ gxf6 12. Bg2 h5 13. Be3 Bc5 14. Bxc5
Qxc5 15. h4 Bd7 16. Qd2 Rg8 17. e3 f5 18. Rad1 Ke7 19. Rfe1 Bc6 20. b4 Qb6 21.
Qd4 Qxd4 22. exd4 Nf3+ 23. Bxf3 Bxf3 24. Rc1 Bd5 25. Kf1 Rg4 26. Red1 f4 27. Rc3
a5 28. a3 a4 29. Ke2 Kd6 30. Rd2 Be4 0-1

[Event "Challenge"]
[Site "http://www.queenalice.com/game.php?id=1619111"]
[Date "2020.7.3"]
[Round "-"]
[White "amaisi"]
[Black "aperturaf"]
[Result "0-1"]
[WhiteElo "2190"]
[BlackElo "2395"]

1. d4 Nf6 2. c4 g6 3. Nf3 d5 4. Nc3 Bg7 5. cxd5 Nxd5 6. Nxd5 Qxd5 7. e3 Nc6 8.
b3 Bg4 9. Bc4 Qh5 10. Bb2 Rd8 11. O-O Ne5 12. dxe5 Rxd1 13. Raxd1 Bxf3 14. gxf3
e6 15. f4 g5 16. f3 gxf4 17. exf4 Bh6 18. Bc1 Qh4 19. Rd4 Rg8+ 20. Kh1 Bf8 21.
Be3 Bc5 0-1

[Event "Challenge"]
[Site "http://www.queenalice.com/game.php?id=1619112"]
[Date "2020.7.3"]
[Round "-"]
[White "amaisi"]
[Black "kingdave"]
[Result "1-0"]
[WhiteElo "2200"]
[BlackElo "2239"]

1. d4 d5 2. c4 e5 3. dxe5 d4 4. Nf3 Nc6 5. g3 Nge7 6. Bg2 Ng6 7. Bg5 Be7 8. Bxe7
Qxe7 9. Nxd4 Ncxe5 10. Nc3 O-O 11. Nd5 Qc5 12. O-O c6 13. Ne3 b6 14. f4 Rd8 15.
b4 Qxd4 16. Qxd4 Rxd4 17. fxe5 Nxe5 18. Rad1 Rd7 19. b5 Rxd1 20. Rxd1 Bd7 21.
Rd6 Rc8 22. Kf2 cxb5 23. cxb5 Bxb5 24. Rd5 Nc4 25. Rxb5 Nxe3 26. Kxe3 Rc3+ 27.
Kd2 Rc7 28. e4 f6 29. Rd5 Kf7 30. Kd3 Ke6 31. Bh3+ Ke7 32. Bf5 g6 33. Bg4 Rc1
34. Rd7+ Ke8 35. Rxh7 Rh1 36. Bf3 Rf1 37. Ke3 Rc1 38. Rxa7 Rc3+ 39. Kf4 1-0

[Event "Let's Play Chess!"]
[Site "http://www.queenalice.com/game.php?id=1623820"]
[Date "2020.8.15"]
[Round "-"]
[White "amaisi"]
[Black "Quasimodem"]
[Result "1-0"]
[WhiteElo "2184"]
[BlackElo "2219"]

1. d4 g6 2. c4 d6 3. g3 Bg7 4. Bg2 Nd7 5. Nf3 c6 6. O-O Ngf6 7. Nc3 a6 8. e4 O-O
9. Bf4 h6 10. Re1 Re8 11. e5 Nh7 12. exd6 1-0

[Event "Let's Play Chess!"]
[Site "http://www.queenalice.com/game.php?id=1623869"]
[Date "2020.8.28"]
[Round "-"]
[White "amaisi"]
[Black "lmtz"]
[Result "1/2-1/2"]
[WhiteElo "2191"]
[BlackElo "2377"]

1. d4 Nf6 2. c4 e6 3. g3 c5 4. Nf3 cxd4 5. Nxd4 Bb4+ 6. Nc3 O-O 7. Bg2 d5 8.
cxd5 Nxd5 9. Bd2 Bxc3 10. bxc3 e5 11. Nb3 Nc6 12. O-O Nb6 13. Qc2 Nc4 14. Rfd1
Qe7 15. Bc1 Be6 16. Nd2 Rfd8 17. Nxc4 Rxd1+ 18. Qxd1 Bxc4 19. Qc2 Rd8 20. Rb1
Bd5 21. Bxd5 Rxd5 22. Qb3 Rd7 23. Ba3 Qd8 24. Qa4 h6 25. Bc5 Qc7 26. Rb2 b6
1/2-1/2

[Event "Challenge"]
[Site "http://www.queenalice.com/game.php?id=1630187"]
[Date "2020.10.18"]
[Round "-"]
[White "lmtz"]
[Black "amaisi"]
[Result "1-0"]
[WhiteElo "2380"]
[BlackElo "2213"]

1. e4 d6 2. d4 Nf6 3. Nc3 g6 4. f4 Bg7 5. Nf3 O-O 6. Bd3 Nbd7 7. e5 Ne8 8. Ng5
h6 9. Nf3 c5 10. Be3 cxd4 11. Bxd4 Qa5 12. Qe2 dxe5 13. fxe5 Nc5 14. Bc4 Nc7 15.
O-O Be6 16. a3 Bxc4 17. Qxc4 N5e6 18. Be3 Rac8 19. Rad1 Rfd8 20. h3 a6 21. Qe4
Nc5 22. Qh4 g5 23. Rxd8+ Rxd8 24. Bxg5 hxg5 25. Nxg5 N5e6 26. Qh7+ Kf8 27. Nxf7
Ke8 28. Qg8+ Bf8 29. Nxd8 1-0

[Event "Challenge"]
[Site "http://www.queenalice.com/game.php?id=1630189"]
[Date "2020.10.18"]
[Round "-"]
[White "amaisi"]
[Black "Taurus"]
[Result "0-1"]
[WhiteElo "2167"]
[BlackElo "2257"]

1. d4 d5 2. c4 e6 3. g3 Nf6 4. Nf3 Nc6 5. Nbd2 Be7 6. Bg2 O-O 7. O-O Bd7 8. a3
a6 9. Qc2 Na7 10. b4 Rc8 11. Ne5 Nc6 12. Ndf3 Nxe5 13. dxe5 Ne8 14. c5 f6 15.
Bb2 fxe5 16. Nxe5 Nf6 17. Rac1 Be8 18. Bh3 Bf7 19. Nxf7 Kxf7 0-1

[Event "Let's Play Chess!"]
[Site "http://www.queenalice.com/game.php?id=1630646"]
[Date "2020.10.26"]
[Round "-"]
[White "amaisi"]
[Black "Taurus"]
[Result "0-1"]
[WhiteElo "2158"]
[BlackElo "2250"]

1. d4 d5 2. Nf3 Nf6 3. c4 e6 4. Bg5 Be7 5. e3 h6 6. Bf4 c5 7. Nc3 Nc6 8. Rc1 O-O
9. dxc5 Bxc5 10. cxd5 exd5 11. Be2 Bb6 12. O-O a6 13. Qb3 Na5 14. Qc2 Be6 15.
Rfd1 Qe7 16. Nd4 Rac8 17. Nf5 Qd7 18. Ng3 Qe7 19. Bd3 Rfd8 20. Nf5 Qd7 0-1

[Event "Let's Play Chess!"]
[Site "http://www.queenalice.com/game.php?id=1630647"]
[Date "2020.10.26"]
[Round "-"]
[White "Taurus"]
[Black "amaisi"]
[Result "1-0"]
[WhiteElo "2247"]
[BlackElo "2177"]

1. e4 d6 2. c4 Nf6 3. Nc3 g6 4. d4 c6 5. h3 Bg7 6. Nf3 O-O 7. Bd3 Nbd7 8. O-O e5
9. d5 cxd5 10. cxd5 Nc5 11. Bc2 Ne8 12. Bg5 f6 13. Be3 f5 14. exf5 Bxf5 15. Bxf5
Rxf5 16. Rc1 Rc8 17. Qd2 e4 18. Nd4 Rf8 19. b4 1-0

[Event "Let's Play Chess!"]
[Site "http://www.queenalice.com/game.php?id=1630648"]
[Date "2020.10.27"]
[Round "-"]
[White "amaisi"]
[Black "bobifixer"]
[Result "0-1"]
[WhiteElo "2192"]
[BlackElo "2090"]

1. d4 Nf6 2. c4 e6 3. g3 Bb4+ 4. Bd2 Bxd2+ 5. Qxd2 d5 6. Bg2 O-O 7. Nf3 c5 8.
dxc5 Nc6 9. cxd5 exd5 10. O-O h6 11. Nc3 a6 12. Rad1 Be6 13. a3 Qa5 14. Rc1 Qxc5
15. Rfd1 Qe7 16. Na4 Rac8 17. Nb6 Rcd8 18. Nd4 Nxd4 19. Qxd4 Rfe8 20. e3 Rd6 21.
Rc3 Red8 22. Rdc1 Bf5 23. Rc7 Qe6 24. Rxb7 Rc6 25. Rd1 Rcd6 26. b4 Be4 27. h3
Bxg2 28. Kxg2 Rc6 0-1

[Event "Challenge"]
[Site "http://www.queenalice.com/game.php?id=1630749"]
[Date "2020.10.24"]
[Round "-"]
[White "amaisi"]
[Black "clovis"]
[Result "1-0"]
[WhiteElo "2210"]
[BlackElo "2044"]

1. d4 d5 2. c4 c6 3. g3 e6 4. Nf3 Nf6 5. Bg2 Ne4 6. Qc2 Bb4+ 7. Nbd2 Qa5 8. O-O
Bxd2 9. Nxd2 Nxd2 10. Bxd2 Qd8 11. Rac1 O-O 12. e4 Nd7 13. cxd5 exd5 14. exd5
cxd5 15. Bxd5 Nf6 16. Bg2 Nd5 17. Qb3 Be6 18. Qxb7 Rb8 19. Qxa7 Rxb2 20. Rfd1
Qf6 21. a4 Nb4 22. Rb1 Ra2 23. Rxb4 Bg4 24. Rb8 Bxd1 25. Rxf8+ Kxf8 26. Bb4+ Ke8
27. Bc6+ 1-0

[Event "Challenge"]
[Site "http://www.queenalice.com/game.php?id=1631231"]
[Date "2020.10.28"]
[Round "-"]
[White "Gojo"]
[Black "amaisi"]
[Result "0-1"]
[WhiteElo "1926"]
[BlackElo "2206"]

1. e4 d6 2. d4 Nf6 3. Nc3 g6 4. Nf3 Bg7 5. Bc4 c6 6. e5 dxe5 7. Nxe5 O-O 8. Be3
Nbd7 9. Nxd7 Bxd7 10. Bd3 Ng4 11. Qd2 Nxe3 12. Qxe3 Qb6 13. O-O Rfe8 14. Ne2
Qxb2 15. Rab1 Qxa2 16. c4 Qa3 17. Rxb7 Bg4 18. f3 Bf5 19. Rd1 Rab8 20. Rxb8 Rxb8
21. g4 Be6 22. c5 Rb3 23. Qd2 Bd5 24. Be4 Bxe4 25. fxe4 Rb2 26. Qc3 Qa2 27. Ng3
Rg2+ 0-1

[Event "Challenge"]
[Site "http://www.queenalice.com/game.php?id=1634089"]
[Date "2020.11.24"]
[Round "-"]
[White "amaisi"]
[Black "lmtz"]
[Result "0-1"]
[WhiteElo "2198"]
[BlackElo "2403"]

1. d4 Nf6 2. c4 e6 3. g3 c5 4. Nf3 cxd4 5. Nxd4 Bb4+ 6. Bd2 Bc5 7. Nb3 Be7 8.
Bg2 Nc6 9. O-O b6 10. Bc3 O-O 11. N1d2 Bb7 12. e4 d6 13. Nd4 Qc7 14. Rc1 Rac8
15. f4 Nxd4 16. Bxd4 e5 17. Be3 exf4 18. Bxf4 Rfe8 19. Qe2 Nd7 20. b4 a5 21. a3
Bf6 22. Nb3 a4 23. Nd2 Bb2 24. Rb1 Be5 25. Be3 Nf6 26. Rbc1 Bc6 27. Rc2 Re7 28.
Rfc1 Rce8 29. Bf2 Nd7 30. Nf3 Bf6 31. Nd2 Bg5 32. c5 bxc5 33. bxc5 d5 34. Qg4
Bxd2 35. Rxd2 dxe4 36. Be3 Ne5 37. Qf4 Qb7 0-1

[Event "Challenge"]
[Site "http://www.queenalice.com/game.php?id=1635057"]
[Date "2020.12.2"]
[Round "-"]
[White "amaisi"]
[Black "madriles"]
[Result "0-1"]
[WhiteElo "2217"]
[BlackElo "1984"]

1. d4 Nf6 2. c4 e6 3. g3 d5 4. Nf3 c6 5. Qc2 Be7 6. Bg2 Nbd7 7. O-O O-O 8. Bf4
b5 9. Rc1 bxc4 10. b3 Nb6 11. Ne5 Bb7 12. bxc4 Rc8 13. c5 Nbd7 14. Nd2 Nxe5 15.
dxe5 Nd7 16. Nb3 g5 0-1